000 01128nam2a22002291 4500
001 rc\4398492
005 20250612072153.0
035 _a(NLR Aleph) 008557147
090 _a8442759
_c8442759
100 _a20130416d1961 |||y0rusy50 ca
101 0 _arus
102 _aRU
105 _aa z |||||
200 0 _aЧ. 1
210 _aМосква
_cРосвузиздат
_d1961
215 _a190 с.
_cчерт.
461 0 _1001rc\4398491
_12001#$aУсилители и источники питания$e(Учеб. пособие)$eЧ. 1-2$fМ-во высш. и сред. спец. образования РСФСР. Моск. инж.-физ. ин-т$vЧ. 1
_1700#1$aДекабрун$bЛ.Л.$gЛев Львович
_98442754
_aДекабрун, Л.Л.
_cМосква
_d1961
_fМ-во высш. и сред. спец. образования РСФСР. Моск. инж.-физ. ин-т
_nРосвузиздат
_o(Учеб. пособие) : Ч. 1-2
_p2 т.
_tУсилители и источники питания
_vЧ. 1
801 0 _aRU
_bNLR
_gpsbo
801 1 _aRU
_bELAR
_2rusmarc
852 _aNLR
_j62-5/172
942 _cBOOK
980 _aNB